Statistics for Capital city multiple choice 2 per continent.

Click here to take the quiz!

General Stats

  • This quiz has been taken 18 times
  • The average score is 8 of 10

Answer Stats

QuestionAnswer% Correct
What is the capital of France?Paris
100%
What is the capital of Hungary?Budapest
93%
What is the capital of Australia?Canberra
86%
What is the capital of Brazil?Brasilia
79%
What is the capital of Sierra Leone?Freetown
79%
What is the capital of Oman?Muscat
79%
What is the capital of Canada?Ottawa
79%
What is the capital of Zimbabwe?Harare
71%
What is the capital of Nepal?Kathmandu
57%
What is the capital of Tonga?Nukualofa
50%

Score Distribution

Percentile by Number Answered

Percent of People with Each Score

Your Score History

You have not taken this quiz